| 000 | 00674nam a2200205 4500 | ||
|---|---|---|---|
| 001 | 148638 | ||
| 003 | ES-MaACL | ||
| 005 | 20230906202735.0 | ||
| 007 | t| | ||
| 008 | 070214s1956 xxu r ||||1| eng d | ||
| 245 | 0 | 0 |
_aStudies in the quantity theory of money / _cedited by Milton Friedman ; with essays by Milton Friedman... [et al.]. |
| 260 |
_aChicago [etc.] : _bThe University of Chicago Press, _c1956. |
||
| 300 |
_a265 p. ; _c23 cm. |
||
| 490 | 1 | _aPhoenix Book | |
| 700 | 0 |
_aFriedman, Milton ( _d1912-2006) _952636 |
|
| 710 | 2 |
_aUniversity of Chicago. _97508 |
|
| 830 | 0 |
_aPhoenix Book _9221030 |
|
| 852 |
_aES-MaACL _jL-9263 _bR.111096 |
||
| 999 |
_c148638 _d148638 |
||